| 000 | 01225cam a2200373 a 4500 | ||
|---|---|---|---|
| 001 | 652653 | ||
| 003 | OSt | ||
| 005 | 20180116183051.0 | ||
| 008 | 880121c19861960nyua b 001 0 eng d | ||
| 020 | _a0689700946 | ||
| 035 | _a(OCoLC)506461676 | ||
| 035 | _a(OCoLC)ocn506461676 | ||
| 035 | _a(CStRLIN)NYCG88-B3838 | ||
| 035 | _a(NNC)652653 | ||
| 040 |
_aRPB _cRPB _dCStRLIN _dNNC |
||
| 043 | _an-us--- | ||
| 045 | _ax5x6 | ||
| 082 | _a355 HIT 1960 | ||
| 090 |
_aUA23 _b.H53 1986g |
||
| 100 | 1 | _aHitch, Charles Johnston. | |
| 245 | 1 | 4 |
_aThe economics of defense in the nuclear age / _cCharles J. Hitch & Roland N. McKean ; with contributions by Stephen Enke ... [et al.]. |
| 250 | _aCollege ed. | ||
| 260 |
_aNew York : _bAtheneum, _c1986, c1960. |
||
| 300 |
_avii, 422 p. : _bill. ; _c21 cm. _ePB |
||
| 440 | _aThe economics of defense in the nuclear age | ||
| 500 | _aIncludes index. | ||
| 500 | _aOn cover: A RAND Corporation research study originally published by Harvard University Press. | ||
| 504 | _aBibliography: p. [407]-418. | ||
| 651 | 0 |
_aUnited States _xMilitary policy. |
|
| 651 | 0 |
_aUnited States _xEconomic policy. |
|
| 700 | 1 | _aMcKean, Roland N. | |
| 942 |
_2ddc _cBK |
||
| 999 |
_c351629 _d351629 |
||